Üdvözlet Bajmócz fürdöröl halastó

Zobrazenie: V bielom orámovaní pohľad na jazierko, v strede ktorého je malá vežička, ku ktorej sprava vedie mostík. V pozadí vľavo je hradobný múr a vpravo sú stromy. Za múrom je svah

Bibliographic Details
Format: Postcard
Language:Hungarian
Slovak
PhysicalDescription:1 pohľadnica čiernobiela 9 x 14 cm
Published: Privigye Kohn F. papirkereskedö 1919
Subjects:

MARC

LEADER 00000nkm a2200000 a 4500
001 vtls011926441
003 SK-MaSNL
005 20260512123135.0
007 kp bo
008 230706s1919 xo g 0k|hun
015 |a SNBG1919 
035 |a urn:nbn:sk:snk-km00e9k7 
035 |a urn:nbn:sk:snk-km43hm0 
035 |a 6CC8BAFD-2DFF-40BD-B4B2-E93E4800A7A8 
040 |a SNK  |b slo  |c SNK  |e AACR2 
041 0 |a hun  |a slo 
043 |a e-xo--- 
044 |a xo  |c SK 
072 7 |a 913  |x Regionálna geografia  |2 konspekt 
080 |a 913(437.6)  |2 2011 
080 |a 904:72  |2 2011 
080 |a 728.82  |2 2011 
080 |a 728.81  |2 2011 
080 |a 904(084.121)  |2 2011 
080 |a 712.5  |2 2011 
245 0 0 |a Üdvözlet Bajmócz fürdöröl  |h grafika  |b halastó 
246 3 1 |a Pozdrav z Bojnicknch kúpeľ ov 
246 3 3 |a Pozdrav z Bojnických kúpeľov 
260 |a Privigye  |b Kohn F. papirkereskedö  |c 1919  |e [Budapešť]  |f K. J. Bp. 
300 |a 1 pohľadnica  |b čiernobiela  |c 9 x 14 cm 
500 |a Názov v slovenčine bol vytlačený na pohľadnicu dodatočne 
500 |a Názvové údaje prevzaté z obrazovej časti pohľadnice 
520 8 |a Zobrazenie: V bielom orámovaní pohľad na jazierko, v strede ktorého je malá vežička, ku ktorej sprava vedie mostík. V pozadí vľavo je hradobný múr a vpravo sú stromy. Za múrom je svah 
546 |a Súbežný názov v slovenčine 
610 2 7 |a Bojnický zámok  |2 SNKKA  |9 32519 
650 0 7 |a národné kultúrne pamiatky  |2 SNKPH  |9 31192 
650 0 7 |a zámky  |2 SNKPH  |9 3041 
650 0 7 |a hrady  |2 SNKPH  |9 3039 
650 0 7 |a záhradné jazierka  |2 SNKPH  |9 67820 
651 7 |a Bojnice (Slovensko)  |2 SNKPHgeo  |9 30288 
655 7 |a miestne pohľadnice  |2 SNKPH  |9 70510 
655 7 |a pohľadnice kultúrnych pamiatok  |2 SNKPH  |9 70523 
752 |a Slovensko  |d Prievidza 
852 |a Slovenská národná knižnica 
958 |a GBN 
958 |a GC 
958 |a ONDV 
999 |c 693439  |d 695369 
952 |a SNK  |b SNK  |y PREZ  |7 0  |p 17A1224092  |o snkSP 9602  |z Pohľadnica prešla poštou.  |0 0  |1 0  |4 0  |d 2020-04-02  |f 1  |l 0  |r 2026-02-23 20:33:55  |w 2026-02-23